000 00608nam a2200181Ia 4500
005 20240530110927.0
008 140319s2007 ua 000 0 ara d
040 _aGCL /
_cGCL
082 0 4 _a347.0504\
_bف م
100 0 _aفوزى ربيع احمد
245 1 0 _aمحامى صدام يتكلم لله ثم للتاريخ /
_cفوزى ربيع احمد
250 _aط. 1
260 _aالقاهرة :
_bدار الابداع العربى للنشر والتوزيع،
_c2007
300 _a313 ص. ؛
_c24 سم.
600 0 _aصدام حسين
650 0 4 _aمحاكمة صدام
942 _2ddc
_cBK
999 _c66593
_d66593